Statistics for Spider-Man Villains by Picture

Click here to take the quiz!

General Stats

  • This quiz has been taken 204 times
  • The average score is 23 of 40

Answer Stats

Answer% Correct
Sandman
100%
Venom
100%
Green Goblin
99%
Rhino
99%
Doctor Octopus
98%
Electro
95%
Lizard
95%
Kingpin
93%
Vulture
93%
Mysterio
92%
Carnage
89%
Kraven the Hunter
87%
Black Cat
86%
Scorpion
83%
Shocker
75%
Mister Negative
73%
Morbius the Living Vampire
71%
Hobgoblin
67%
Spot
67%
Chameleon
60%
Hammerhead
58%
Tombstone
58%
Prowler
54%
Hydro-Man
52%
Tinkerer
46%
Beetle
36%
Molten Man
36%
Silver Sable
36%
Boomerang
34%
Jackal
34%
Man-Wolf
17%
Silvermane
15%
Fancy Dan
14%
Montana
14%
Ox
13%
Big Man
11%
Carrion
11%
Cardiac
9%
Crime-Master
7%
Man-Mountain Marko
7%

Score Distribution

Percentile by Number Answered

Percent of People with Each Score

Your Score History

You have not taken this quiz